000 00528nam a2200181Ia 4500
999 _c32239
_d32239
003 OSt
005 20200805142626.0
008 190216s9999||||xx |||||||||||||| ||und||
020 _a9788180940682
040 _coclc
082 _a001.42
_bRAM/R
100 _aRamadass, P
_93991
245 0 _aResearch And Writing Across The Disciplines /
_cP Ramadass ; A Wilson Aruni
260 _bMjp Publishers,
_c2009.
300 _a261p
650 _aMathematics
942 _cBK
_2ddc
_h001.42
_iRAM/R
_k001.42
_mRAM/R